00708nam a2200229Ia 4500003000400000005001700004008004100021020001800062040000700080041000800087082002300095100002800118245003300146260003700179300001500216365001300231650002300244906003400267942001200301999001900313952014600332OSt20230509111259.0210423s2004 xx 000 0 und d a81-8128-117-9 cAL aeng a574.191223b NOLM aNOLTING (Bengt)9100543 aMethods in modern biophysics aNew YorkbSpringer Pvt Ltdc2004 axiv254bPB b495cINR aBiophysics9100544 abiophysics ; Methods ; modern 2ddccBK c163980d163980 001040708BIOCaSACPGbSACPGd2009-04-18eAthulya Booksg495.00l1o574.191 NOLMpPG010478r2023-02-06 00:00:00s2023-01-28w2021-04-26yBK